[Event "XXXII C.to Italiano Seniores"]
[Site "Arvier ITA"]
[Date "2010.04.23"]
[Round "6"]
[White "Neuhold, Piero"]
[Black "Brugnolo, Paolo"]
[Result "1/2-1/2"]
[WhiteElo "1557"]
[BlackElo "1501"]
[PlyCount "107"]
[EventDate "2010.04.18"]

1. d4 d5 2. Nf3 Nf6 3. e3 e6 4. c4 Bb4+ 5. Bd2 Be7 6. Nc3 O-O 7. Bd3 Nbd7 8.
cxd5 exd5 9. O-O c5 10. b3 cxd4 11. Nxd4 Nb6 12. h3 Qd6 13. Bf5 Qe5 14. Bxc8
Rfxc8 15. Nf3 Qe6 16. Nb5 Qd7 17. Nbd4 Ne4 18. Rc1 Bf6 19. Rxc8+ Rxc8 20. Ba5
Na8 21. Qb1 b6 22. Bb4 a5 23. Ba3 Bxd4 24. exd4 Nc7 25. Qd3 b5 26. Nd2 Nxd2 27.
Qxd2 b4 28. Bb2 Nb5 29. Rc1 Rxc1+ 30. Qxc1 Nd6 31. Qc5 Nb7 32. Qa7 h6 33. Bc1
Qc6 34. Be3 Qb5 35. Qb8+ Kh7 36. Qf4 Qd7 37. Qg3 Nd6 38. Qf3 Ne4 39. Qd1 Nc3
40. Qc2+ g6 41. a3 Qb5 42. Kh2 Qb8+ 43. g3 Ne4 44. a4 Qb6 45. Qd3 Qf6 46. Kg2
Qe6 47. Qb5 Nc3 48. Qb8 Qe4+ 49. Kh2 Ne2 50. Qe5 Qb1 51. f3 Qxb3 52. Qf6 Qxe3
53. Qxf7+ Kh8 54. Qf8+ 1/2-1/2

[Event "XXXII C.to Italiano Seniores"]
[Site "Arvier ITA"]
[Date "2010.04.23"]
[Round "6"]
[White "Pipitone, Antonio"]
[Black "Quagliarella, Sabino Remo"]
[Result "1-0"]
[WhiteElo "2088"]
[BlackElo "1916"]
[PlyCount "59"]
[EventDate "2010.04.18"]

1. e4 e6 2. d4 d5 3. Nc3 Bb4 4. e5 c5 5. a3 Bxc3+ 6. bxc3 Nc6 7. Nf3 c4 8. a4
Bd7 9. Ng5 Nh6 10. h4 Qa5 11. Bd2 O-O-O 12. Be2 f6 13. exf6 gxf6 14. Nh3 Nf7
15. O-O Rhg8 16. Kh2 Nd6 17. Bf3 e5 18. dxe5 Nxe5 19. Nf4 Nxf3+ 20. Qxf3 Ne4
21. Qe3 Nxd2 22. Qxd2 d4 23. Qxd4 Bc6 24. Qxc4 Qc7 25. g3 Rg4 26. Rad1 Rdg8 27.
Qe6+ Kb8 28. Qxf6 h6 29. Rd4 Qa5 30. Rfd1 1-0

[Event "XXXII C.to Italiano Seniores"]
[Site "Arvier ITA"]
[Date "2010.04.23"]
[Round "6"]
[White "Placchetta, Omero"]
[Black "Bonino, Silvano"]
[Result "1/2-1/2"]
[WhiteElo "1668"]
[BlackElo "1428"]
[PlyCount "116"]
[EventDate "2010.04.18"]

1. e4 e6 2. d4 c6 3. Nf3 d5 4. exd5 exd5 5. Be2 Bd6 6. O-O Nf6 7. Bg5 Nbd7 8.
Re1 O-O 9. Bd3 h6 10. Bh4 Qc7 11. Bxf6 Nxf6 12. h3 b5 13. c3 a5 14. a4 Ba6 15.
Qc2 b4 16. c4 Rfe8 17. Nbd2 Rxe1+ 18. Rxe1 c5 19. cxd5 Bxd3 20. Qxd3 Nxd5 21.
dxc5 Qxc5 22. Ne4 Qc6 23. Nxd6 Qxd6 24. Qb5 Nc7 25. Qc4 Re8 26. Rxe8+ Nxe8 27.
Qb5 Qd8 28. Ne5 Qd1+ 29. Kh2 Qd8 30. Qd7 Qxd7 31. Nxd7 Nd6 32. Ne5 f6 33. Nc6
Nb7 34. b3 Kf7 35. f4 Ke6 36. g4 Kd5 37. Ne7+ Kd4 38. Nf5+ Kc3 39. Nxg7 Kxb3
40. Nh5 Kxa4 41. Nxf6 b3 42. Ne4 Ka3 43. g5 hxg5 44. fxg5 Nd8 45. Nd2 Kb2 46.
Nc4+ Kc2 47. Na3+ Kc1 48. h4 b2 49. h5 Nf7 50. g6 Nh6 51. Kh3 b1=Q 52. Nxb1
Kxb1 53. Kh4 a4 54. Kg5 Ng8 55. h6 Nxh6 56. Kxh6 a3 57. g7 a2 58. g8=Q a1=Q
1/2-1/2

[Event "XXXII C.to Italiano Seniores"]
[Site "Arvier ITA"]
[Date "2010.04.23"]
[Round "6"]
[White "Rosino, Antonio"]
[Black "Antonelli, Fabrizio"]
[Result "1-0"]
[WhiteElo "2235"]
[BlackElo "2030"]
[PlyCount "121"]
[EventDate "2010.04.18"]

1. e4 e5 2. Nf3 Nc6 3. Bb5 a6 4. Ba4 Nf6 5. O-O Be7 6. Re1 b5 7. Bb3 O-O 8. h3
d6 9. c3 Na5 10. Bc2 c5 11. d4 Qc7 12. Nbd2 Re8 13. Nf1 Bb7 14. Ng3 g6 15. Bh6
Nc4 16. b3 Na3 17. Bd3 Rac8 18. d5 c4 19. Bf1 cxb3 20. axb3 b4 21. c4 Nd7 22.
Bc1 a5 23. Bxa3 bxa3 24. Rxa3 Nc5 25. Qd2 Bd8 26. b4 axb4 27. Qxb4 Rb8 28. Rb1
Rf8 29. Bd3 Qe7 30. Bc2 Bc7 31. Qc3 Ra8 32. Rba1 Rxa3 33. Rxa3 h5 34. h4 Rb8
35. Nf1 Ba6 36. Qe3 Kg7 37. Ng5 Bc8 38. Qg3 f6 39. Nh3 Ba6 40. Ne3 Kh7 41. Kh1
Bd8 42. f4 Rb2 43. Qf3 Kh6 44. Bd1 exf4 45. Nxf4 Qxe4 46. Qxe4 Nxe4 47. Rxa6
Rb1 48. Kh2 Nf2 49. Bf3 Re1 50. Ne6 g5 51. hxg5+ fxg5 52. Nxd8 Rxe3 53. Rxd6+
Kh7 54. Bxh5 g4 55. g3 Re2 56. Re6 Ne4+ 57. Kg1 Re1+ 58. Kg2 Re2+ 59. Kf1 Nxg3+
60. Kg1 Rc2 61. Bg6+ 1-0

[Event "XXXII C.to Italiano Seniores"]
[Site "Arvier ITA"]
[Date "2010.04.23"]
[Round "6"]
[White "Rossi, Giampiero"]
[Black "Giani, Franco"]
[Result "1-0"]
[WhiteElo "1914"]
[BlackElo "1985"]
[PlyCount "123"]
[EventDate "2010.04.18"]

1. d4 c5 2. dxc5 Qa5+ 3. Nc3 Qxc5 4. e4 a6 5. Be3 Qa5 6. Qd2 e6 7. Bd3 Nc6 8.
Nge2 Nf6 9. h3 Be7 10. O-O Ne5 11. f4 Nxd3 12. cxd3 O-O 13. Nd5 Qd8 14. Bb6 Bb4
15. Qxb4 Nxd5 16. exd5 Qf6 17. Qe4 Qg6 18. Rf3 d6 19. Rg3 Qh6 20. Ba5 Re8 21.
Bc3 e5 22. fxe5 dxe5 23. Qe3 Qd6 24. Rf1 b5 25. a3 a5 26. b4 a4 27. Qc5 Qd7 28.
d6 Bb7 29. Qc7 Rad8 30. Qxd7 Rxd7 31. d4 e4 32. d5 g6 33. Nf4 Rxd6 34. Rd1 f5
35. Kf2 Kf7 36. h4 Rd7 37. h5 Rc8 38. hxg6+ hxg6 39. Nxg6 e3+ 40. Rxe3 Kxg6 41.
Rg3+ Kf7 42. Rg7+ Ke8 43. Re1+ Kd8 44. Bf6+ Kc7 45. Rxd7+ Kxd7 46. Re7+ Kd6 47.
Rxb7 Rc2+ 48. Kf3 Ra2 49. Rxb5 Rxa3+ 50. Kf4 Rb3 51. Kxf5 a3 52. Be5+ Kd7 53.
Rb7+ Kc8 54. Rb8+ Kd7 55. b5 Rd3 56. Ra8 Rxd5 57. Rxa3 Rxb5 58. g4 Ke8 59. Ra7
Kf8 60. g5 Rb2 61. g6 Rf2+ 62. Ke6 1-0

[Event "XXXII C.to Italiano Seniores"]
[Site "Arvier ITA"]
[Date "2010.04.23"]
[Round "6"]
[White "Rotelli, Pietro"]
[Black "Laco, Giuseppe"]
[Result "0-1"]
[WhiteElo "1993"]
[BlackElo "2105"]
[PlyCount "50"]
[EventDate "2010.04.18"]

1. d4 f5 2. c4 e6 3. g3 Nf6 4. Bg2 d5 5. Nh3 c6 6. b3 Bb4+ 7. Bd2 Be7 8. O-O
dxc4 9. e3 cxb3 10. Qxb3 Qb6 11. Na3 Qxb3 12. axb3 Bxa3 13. Rxa3 Nd5 14. Rfa1
a6 15. e4 fxe4 16. Ng5 O-O 17. Nxe4 Nd7 18. Nd6 Rd8 19. Bh3 Nf8 20. Nc4 h6 21.
Ba5 Re8 22. Re1 Bd7 23. Nb6 Nxb6 24. Bxb6 e5 25. Bxd7 Nxd7 0-1

[Event "XXXII C.to Italiano Seniores"]
[Site "Arvier ITA"]
[Date "2010.04.23"]
[Round "6"]
[White "Squarci, Franco"]
[Black "Maestri, Roberto"]
[Result "1-0"]
[WhiteElo "1795"]
[BlackElo "1630"]
[PlyCount "69"]
[EventDate "2010.04.18"]

1. d4 Nf6 2. Nf3 g6 3. Nbd2 Bg7 4. e3 O-O 5. Bd3 d5 6. O-O Nc6 7. c3 Bg4 8. Qc2
Re8 9. Bb5 a6 10. Bxc6 bxc6 11. Ne5 Qd6 12. f3 Be6 13. Nb3 Bf5 14. Qf2 Nd7 15.
Nxd7 Bxd7 16. e4 f6 17. Nc5 Reb8 18. g3 e5 19. dxe5 fxe5 20. Nxd7 Qxd7 21. b3
d4 22. cxd4 exd4 23. Bb2 c5 24. Rac1 Qe7 25. Qc2 d3 26. Qc4+ Qf7 27. Qxf7+ Kxf7
28. Bxg7 Kxg7 29. Rfd1 Rd8 30. Rxc5 Rd4 31. Rxc7+ Kf6 32. Rd2 a5 33. Kf2 a4 34.
Ke3 axb3 35. axb3 1-0

[Event "XXXII C.to Italiano Seniores"]
[Site "Arvier ITA"]
[Date "2010.04.23"]
[Round "6"]
[White "Tibaldeschi, Attilio"]
[Black "Piazza, Giacomo"]
[Result "0-1"]
[WhiteElo "1750"]
[BlackElo "1634"]
[PlyCount "40"]
[EventDate "2010.04.18"]

1. Nf3 g6 2. Nc3 Bg7 3. b3 Nf6 4. Bb2 d5 5. e3 O-O 6. Be2 c5 7. O-O a6 8. d4 b6
9. a4 Nc6 10. dxc5 bxc5 11. Na2 Qc7 12. Rc1 Rd8 13. Qe1 a5 14. Nc3 Nb4 15. Nb5
Qb8 16. c4 Bf5 17. Be5 Qb7 18. Nh4 Nd3 19. Qc3 Nxc1 20. Nxf5 Nxe2+ 0-1

[Event "XXXII C.to Italiano Seniores"]
[Site "Arvier ITA"]
[Date "2010.04.26"]
[Round "8"]
[White "Antonelli, Fabrizio"]
[Black "Gardi, Giuseppe"]
[Result "1-0"]
[WhiteElo "2030"]
[BlackElo "2024"]
[PlyCount "81"]
[EventDate "2010.04.18"]

1. e4 g6 2. d4 Bg7 3. c4 d6 4. Nc3 Nf6 5. Be2 O-O 6. Bg5 h6 7. Be3 e5 8. d5 a5
9. Qd2 Kh7 10. f3 Na6 11. g4 Ng8 12. O-O-O Bd7 13. h4 a4 14. Nh3 Ne7 15. h5
gxh5 16. g5 f5 17. gxh6 Bf6 18. Ng5+ Bxg5 19. Bxg5 Qe8 20. f4 Nc5 21. Bxh5 Ng6
22. Rdg1 Rg8 23. Bf6 fxe4 24. Bg7 Nd3+ 25. Kd1 Bf5 26. Rg5 Qd7 27. fxe5 Ngxe5
28. Rhg1 Nxc4 29. Rxf5 Qxf5 30. Qg5 Qxg5 31. Rxg5 Rxg7 32. hxg7 Ndxb2+ 33. Kc2
Kh6 34. Nxe4 a3 35. Bf7 Ne3+ 36. Kb3 Nd3 37. g8=Q Nc1+ 38. Kc3 Nxa2+ 39. Kd3
Rxg8 40. Rxg8 Nd1 41. Rg6+ 1-0

[Event "XXXII C.to Italiano Seniores"]
[Site "Arvier ITA"]
[Date "2010.04.26"]
[Round "8"]
[White "Battaglia, Emanuele"]
[Black "Placchetta, Omero"]
[Result "0-1"]
[WhiteElo "1675"]
[BlackElo "1668"]
[PlyCount "88"]
[EventDate "2010.04.18"]

1. d4 e5 2. dxe5 Nc6 3. Nf3 Qe7 4. e3 Nxe5 5. Be2 Nxf3+ 6. Bxf3 d6 7. Nc3 c6 8.
b3 d5 9. O-O Nf6 10. Bb2 Be6 11. Rb1 O-O-O 12. Qe2 h5 13. g3 Bg4 14. Rfd1 Bxf3
15. Qxf3 Qe6 16. Rd4 g5 17. Rd3 Be7 18. Rbd1 h4 19. a4 hxg3 20. fxg3 Qh3 21.
Qg2 Ng4 22. Qxh3 Rxh3 23. R1d2 Ne5 24. Rf2 Nxd3 25. cxd3 f6 26. Ne2 Rh6 27. Nd4
Kd7 28. Nf5 Rg6 29. Bd4 c5 30. Nxe7 Kxe7 31. Bxc5+ Ke6 32. Bxa7 Rc8 33. Bd4
Rc1+ 34. Kg2 Rd1 35. b4 Rxd3 36. a5 Rb3 37. Rb2 Rxb2+ 38. Bxb2 Kf5 39. h3 Ke4
40. Bd4 f5 41. Kf2 f4 42. Bb6 fxg3+ 43. Kxg3 Rxb6 44. axb6 Kxe3 0-1

[Event "XXXII C.to Italiano Seniores"]
[Site "Arvier ITA"]
[Date "2010.04.26"]
[Round "8"]
[White "Beltrami, Nerio"]
[Black "Rossi, Giampiero"]
[Result "0-1"]
[WhiteElo "2027"]
[BlackElo "1914"]
[PlyCount "120"]
[EventDate "2010.04.18"]

1. e4 c5 2. Nf3 e6 3. d4 cxd4 4. Nxd4 a6 5. Bd3 Nf6 6. Qe2 d6 7. Nc3 Be7 8. O-O
Bd7 9. Kh1 Nc6 10. Be3 O-O 11. f4 Qc7 12. Nf3 Rfc8 13. Na4 Nd4 14. Bxd4 Bxa4
15. b3 Bc6 16. c4 b5 17. e5 dxe5 18. Nxe5 bxc4 19. Bxc4 Rd8 20. Bb2 Bd5 21.
Rac1 Qb7 22. Bxd5 Nxd5 23. Nc6 Rdc8 24. Nxe7+ Nxe7 25. Qe5 Nf5 26. Rc4 Rxc4 27.
bxc4 Qc6 28. Rc1 f6 29. Qe2 Rd8 30. c5 Rd5 31. Qf3 Ne7 32. Kg1 Rxc5 33. Qxc6
Rxc6 34. Rxc6 Nxc6 35. Bc3 Kf7 36. Kf2 Ke7 37. Ke3 Kd6 38. Ke4 f5+ 39. Kd3 g6
40. Kc4 e5 41. fxe5+ Nxe5+ 42. Kd4 Nc6+ 43. Kc4 g5 44. Bf6 g4 45. g3 h5 46. Bc3
Ne5+ 47. Kb4 Nf3 48. Ka5 Nxh2 49. Kxa6 Kc6 50. Be5 Nf3 51. Bf6 Nd2 52. Bg5 Ne4
53. Bf4 Nc3 54. a3 Nb5 55. a4 Nc3 56. Ka5 Nd5 57. Bg5 f4 58. gxf4 g3 59. Bh4 g2
60. Bf2 Nxf4 0-1

[Event "XXXII C.to Italiano Seniores"]
[Site "Arvier ITA"]
[Date "2010.04.26"]
[Round "8"]
[White "Bonino, Silvano"]
[Black "Chiandussi, Livio"]
[Result "0-1"]
[WhiteElo "1428"]
[BlackElo "1551"]
[PlyCount "41"]
[EventDate "2010.04.18"]

1. d4 e6 2. Bf4 Nf6 3. Nd2 d5 4. h3 c5 5. e3 cxd4 6. exd4 Nc6 7. c3 a6 8. Ngf3
b5 9. b4 Bd7 10. Bd3 Be7 11. O-O O-O 12. Qc2 Rc8 13. Qd1 Qb6 14. a3 Nd8 15. Rc1
Bd6 16. Bxd6 Qxd6 17. Ne5 Be8 18. Re1 Nc6 19. Re3 Nd7 20. Qh5 Nf6 21. Rg3 0-1

[Event "XXXII C.to Italiano Seniores"]
[Site "Arvier ITA"]
[Date "2010.04.26"]
[Round "8"]
[White "Brugnolo, Paolo"]
[Black "Papa, Angelo"]
[Result "0-1"]
[WhiteElo "1501"]
[BlackElo "1855"]
[PlyCount "92"]
[EventDate "2010.04.18"]

1. e4 g6 2. Nc3 Bg7 3. Nf3 d6 4. d4 Nf6 5. Bb5+ c6 6. Bc4 b5 7. Bb3 O-O 8. a3
Ba6 9. Ba2 Qc7 10. b4 Nbd7 11. Bf4 e5 12. dxe5 dxe5 13. Bd2 Rad8 14. O-O Nb6
15. Qc1 Nh5 16. Be3 Nc4 17. Bc5 Rfe8 18. Re1 Nf4 19. Rb1 Bh6 20. Be3 Bg7 21.
Bc5 Ne6 22. Be3 Nd4 23. Bg5 f6 24. Be3 Qc8 25. a4 Kh8 26. a5 Qg4 27. Bxd4 exd4
28. Ne2 f5 29. h3 Qh5 30. Ng3 Qh6 31. Ng5 Rd7 32. exf5 Rxe1+ 33. Qxe1 Bf8 34.
Qe6 Qg7 35. fxg6 hxg6 36. h4 Re7 37. Qxc6 Bb7 38. Qxb5 Na3 39. Qd3 Nxb1 40.
Nf7+ Rxf7 41. Bxf7 Qxf7 42. Qxd4+ Kg8 43. Qxa7 Qd5 44. Ne4 Qxe4 45. f3 Qe1+ 46.
Kh2 Bd6+ 0-1

[Event "XXXII C.to Italiano Seniores"]
[Site "Arvier ITA"]
[Date "2010.04.26"]
[Round "8"]
[White "Caldi, Mario"]
[Black "Bisignano, Giuseppe"]
[Result "0-1"]
[WhiteElo "1819"]
[BlackElo "1942"]
[PlyCount "82"]
[EventDate "2010.04.18"]

1. e4 e5 2. Nf3 Nc6 3. Bc4 Nf6 4. d3 Bc5 5. c3 Bb6 6. O-O d6 7. h3 h6 8. Be3
O-O 9. Nbd2 Bd7 10. Bb3 Ne7 11. Nc4 Ng6 12. a4 Bxe3 13. fxe3 a5 14. Qe1 Qe7 15.
Nh4 Nxh4 16. Qxh4 b6 17. Rf3 Rae8 18. Raf1 Nh7 19. Qf2 Ng5 20. Rg3 Ne6 21. Bc2
Ra8 22. Nd2 b5 23. d4 bxa4 24. Qf3 Rfb8 25. Qh5 Rxb2 26. d5 Nf8 27. Qxh6 Ng6
28. Qh5 Rxc2 29. Nf3 Nf8 30. Ng5 f6 31. Ne6 Bxe6 32. dxe6 Nxe6 33. Rg4 Qf7 34.
Qf5 a3 35. Rh4 Ng5 36. Rg4 Nh7 37. h4 a2 38. h5 Rb8 39. Kh2 Rb1 40. Rf3 a1=Q
41. Kg3 Rh1 0-1

[Event "XXXII C.to Italiano Seniores"]
[Site "Arvier ITA"]
[Date "2010.04.26"]
[Round "8"]
[White "Centofante, Maria Rosa"]
[Black "Cavatorta, Fosco"]
[Result "0-1"]
[WhiteElo "1585"]
[BlackElo "1981"]
[PlyCount "58"]
[EventDate "2010.04.18"]

1. d4 d6 2. Nf3 Nf6 3. c4 g6 4. Nc3 Bf5 5. Bg5 Bg7 6. e3 O-O 7. Bd3 Bxd3 8.
Qxd3 Nbd7 9. Rd1 c5 10. O-O Rc8 11. e4 cxd4 12. Nxd4 Ne5 13. Qh3 Nxc4 14. b3
Ne5 15. Nce2 Nxe4 16. Bh6 Bxh6 17. Qxh6 Nc3 18. Rd2 Nxe2+ 19. Rxe2 Qb6 20. Nc2
Rc7 21. Ne3 e6 22. Rfe1 Rfc8 23. h3 Rc5 24. f4 Nd3 25. Rf1 Rh5 26. Qxh5 gxh5
27. Rf3 h4 28. Kh2 Rc1 29. g3 Qc6 0-1

[Event "XXXII C.to Italiano Seniores"]
[Site "Arvier ITA"]
[Date "2010.04.26"]
[Round "8"]
[White "Chiapponi, Paola"]
[Black "Tibaldeschi, Attilio"]
[Result "0-1"]
[WhiteElo "1735"]
[BlackElo "1750"]
[PlyCount "82"]
[EventDate "2010.04.18"]

1. d4 d5 2. Nf3 e6 3. e3 Nf6 4. Be2 Be7 5. O-O Nbd7 6. c4 c6 7. a3 dxc4 8. Bxc4
b5 9. Be2 Bb7 10. Nc3 a6 11. b4 Rc8 12. Bb2 O-O 13. Rc1 h6 14. Nd2 a5 15. Qb3
axb4 16. axb4 Nb6 17. Nde4 Nbd5 18. Nc5 Ba8 19. Ra1 Bd6 20. Ra7 Bb8 21. Ra2 Nd7
22. Rfa1 Nxc5 23. bxc5 Bb7 24. Nxd5 exd5 25. Bf3 Re8 26. Bc3 Qf6 27. Qc2 Rc7
28. e4 dxe4 29. d5 Qg5 30. d6 exf3 31. g3 Qg4 32. Qd1 Rd7 33. Rd2 h5 34. Rd3 b4
35. Bd4 Bxd6 36. Qb3 Bf8 37. Qxb4 Ba6 38. Rxa6 Rxd4 39. Rxd4 Qxd4 40. Qb1 Bxc5
41. Qf1 Bb4 0-1

[Event "XXXII C.to Italiano Seniores"]
[Site "Arvier ITA"]
[Date "2010.04.26"]
[Round "8"]
[White "Colombo, Paolo"]
[Black "Barlocco, Carlo"]
[Result "0-1"]
[WhiteElo "2119"]
[BlackElo "2173"]
[PlyCount "72"]
[EventDate "2010.04.18"]

1. Nf3 Nf6 2. g3 d5 3. Bg2 Nc6 4. d4 Bf5 5. c3 e6 6. O-O Be7 7. Nbd2 h6 8. Ne1
e5 9. dxe5 Nxe5 10. Ndf3 Nxf3+ 11. Nxf3 c6 12. Bf4 Qb6 13. b3 O-O 14. h3 Ne4
15. Rc1 Rad8 16. Nd4 Bg6 17. Be3 Qa5 18. Bxe4 Bxe4 19. f3 Bg6 20. b4 Qa3 21.
Qd2 Rfe8 22. Kf2 a5 23. b5 c5 24. Nb3 b6 25. Bf4 Bd6 26. Bxd6 Rxd6 27. Rfe1
Red8 28. Qf4 Qxa2 29. Nd2 d4 30. c4 Rf6 31. Qc7 Re8 32. Rcd1 Rfe6 33. Qf4 Re3
34. g4 Qb2 35. h4 Bc2 36. Rc1 Bd3 0-1

[Event "XXXII C.to Italiano Seniores"]
[Site "Arvier ITA"]
[Date "2010.04.26"]
[Round "8"]
[White "D'Aulisa, Francesco"]
[Black "Rotelli, Pietro"]
[Result "1-0"]
[WhiteElo "1741"]
[BlackElo "1993"]
[PlyCount "75"]
[EventDate "2010.04.18"]

1. e4 c6 2. Nf3 d5 3. exd5 cxd5 4. d4 Nc6 5. Bb5 Bg4 6. O-O Nf6 7. h3 Bh5 8.
Re1 e6 9. a3 Be7 10. c3 O-O 11. Nbd2 Rc8 12. Qc2 Bg6 13. Bd3 Qc7 14. Bxg6 hxg6
15. Qb1 Nd7 16. Nh2 Bd6 17. Ndf3 e5 18. dxe5 Ndxe5 19. Be3 Nc4 20. Ng4 f5 21.
Ngh2 Rce8 22. Nf1 f4 23. Bd4 Nxd4 24. Nxd4 Qf7 25. Qc2 Bc5 26. Nf3 Qf6 27. N1d2
Qb6 28. Nxc4 dxc4 29. Rad1 Rxe1+ 30. Rxe1 Qf6 31. Qe4 Qb6 32. Qxc4+ Kh8 33. Re2
Rd8 34. Ng5 Rc8 35. Qf7 Rf8 36. Qc4 Rc8 37. Qxf4 Rf8 38. Qh4+ 1-0

[Event "XXXII C.to Italiano Seniores"]
[Site "Arvier ITA"]
[Date "2010.04.26"]
[Round "8"]
[White "De Polzer, Manfredi"]
[Black "Piazza, Giacomo"]
[Result "1-0"]
[WhiteElo "1795"]
[BlackElo "1634"]
[PlyCount "89"]
[EventDate "2010.04.18"]

1. d4 g6 2. c4 d6 3. Nc3 Bg7 4. e4 Nd7 5. Be3 e6 6. f4 c5 7. Nf3 Ngf6 8. h3 a6
9. a4 Nh5 10. Kf2 b6 11. e5 cxd4 12. Qxd4 dxe5 13. fxe5 Bf8 14. Ne4 Bc5 15.
Nxc5 bxc5 16. Qd6 a5 17. g4 Ra6 18. Qd2 Ng7 19. Rd1 Qc7 20. Bg2 O-O 21. Bf4 Rb6
22. Rhe1 Qb8 23. Re2 Rb4 24. Qc2 Nb6 25. b3 Bb7 26. Bd2 Bxf3 27. Bxf3 f6 28.
Bxb4 cxb4 29. Qe4 fxe5 30. Qxe5 Qa7 31. Kg2 Nd7 32. Qd4 Nc5 33. Re5 Qf7 34. Qe3
Nd7 35. Rxa5 h5 36. Ra7 hxg4 37. hxg4 Rd8 38. Qg5 Rf8 39. Qe3 Rd8 40. c5 Qe8
41. Bc6 Nf6 42. Bxe8 Rxd1 43. Bxg6 Rd8 44. c6 Nxg4 45. Qg5 1-0

[Event "XXXII C.to Italiano Seniores"]
[Site "Arvier ITA"]
[Date "2010.04.26"]
[Round "8"]
[White "Laco, Giuseppe"]
[Black "Rosino, Antonio"]
[Result "1-0"]
[WhiteElo "2105"]
[BlackElo "2235"]
[PlyCount "87"]
[EventDate "2010.04.18"]

1. c4 e5 2. e3 Nf6 3. a3 c6 4. d4 exd4 5. exd4 d5 6. c5 Bf5 7. Bd3 Bxd3 8. Qxd3
Be7 9. Nc3 O-O 10. Nge2 b6 11. b4 a5 12. Rb1 axb4 13. axb4 Re8 14. f3 Nbd7 15.
O-O bxc5 16. bxc5 Qa5 17. Be3 Qa6 18. Qd2 Reb8 19. g4 Rxb1 20. Rxb1 Rb8 21.
Rxb8+ Nxb8 22. Ng3 g6 23. h4 Nbd7 24. h5 Nf8 25. h6 Ne6 26. Nce2 Nd7 27. f4
Nef8 28. Kg2 Nf6 29. g5 Ne4 30. Nxe4 dxe4 31. Nc3 Qd3 32. Qxd3 exd3 33. Kf2 f6
34. Ke1 fxg5 35. fxg5 Kf7 36. Kd2 Ke6 37. Kxd3 Kf5 38. Ne4 Ne6 39. Nd6+ Bxd6
40. cxd6 Nf8 41. Kc4 Ke4 42. Bd2 Ne6 43. d7 Kf5 44. d5 1-0

[Event "XXXII C.to Italiano Seniores"]
[Site "Arvier ITA"]
[Date "2010.04.26"]
[Round "8"]
[White "Levato, Biagio"]
[Black "Bogatto, Mario"]
[Result "1-0"]
[WhiteElo "1539"]
[BlackElo "1451"]
[PlyCount "93"]
[EventDate "2010.04.18"]

1. d4 d5 2. e4 dxe4 3. Nc3 Nf6 4. f3 exf3 5. Nxf3 Bg4 6. h3 Bxf3 7. Qxf3 c6 8.
Qf2 e6 9. Bg5 Be7 10. Bd3 Nbd7 11. O-O O-O 12. Qh4 g6 13. Rf3 Nd5 14. Ne4 f5
15. Bxe7 Qxe7 16. Ng5 Rf6 17. a3 Re8 18. c4 Nc7 19. Re1 Qg7 20. Rfe3 Nf8 21. b4
h6 22. Nf3 g5 23. Qf2 Ng6 24. a4 g4 25. Nh4 Nxh4 26. Qxh4 Rg6 27. Bxf5 Rg5 28.
Bxg4 h5 29. Bf3 Rf8 30. R1e2 Qh6 31. Kh1 Rf6 32. Qe1 Qg7 33. Qd2 Rgf5 34. Rf2
Rg5 35. Qe2 Qh6 36. Re5 Rfg6 37. Rxg5 Rxg5 38. b5 cxb5 39. axb5 b6 40. d5 exd5
41. cxd5 Nxd5 42. Qe8+ Kg7 43. Bxd5 Qg6 44. Qe7+ Kh6 45. Rf6 Rxd5 46. Rxg6+
Kxg6 47. Qe6+ 1-0

[Event "XXXII C.to Italiano Seniores"]
[Site "Arvier ITA"]
[Date "2010.04.26"]
[Round "8"]
[White "Lisandri, Luigi"]
[Black "Neuhold, Piero"]
[Result "0-1"]
[WhiteElo "1488"]
[BlackElo "1557"]
[PlyCount "92"]
[EventDate "2010.04.18"]

1. c4 Nf6 2. Nc3 g6 3. e4 d6 4. Be2 Nc6 5. Nf3 Bg7 6. d4 O-O 7. h3 b6 8. b3 Bb7
9. Rb1 a6 10. Bb2 Na7 11. d5 c6 12. O-O Re8 13. Qc2 Rc8 14. Rfd1 cxd5 15. exd5
b5 16. a3 e6 17. Bf1 exd5 18. Qd2 Ne4 19. Nxe4 dxe4 20. Bxg7 Kxg7 21. Qb2+ Qf6
22. Rxd6 Qxb2 23. Rxb2 exf3 24. Rd7 fxg2 25. Rxb7 gxf1=Q+ 26. Kxf1 Ra8 27. cxb5
Nxb5 28. a4 Reb8 29. Rxb8 Rxb8 30. axb5 Rxb5 31. Ra2 Rxb3 32. Rxa6 Rxh3 33. Kg2
Rh5 34. f3 Rf5 35. Kg3 Rf6 36. Ra7 g5 37. Kg4 h6 38. Ra3 Kg6 39. Rb3 Rf4+ 40.
Kg3 f6 41. Ra3 Rd4 42. Rb3 Kh5 43. Rb1 f5 44. Rf1 f4+ 45. Kg2 g4 46. fxg4+ Kxg4
0-1

[Event "XXXII C.to Italiano Seniores"]
[Site "Arvier ITA"]
[Date "2010.04.26"]
[Round "8"]
[White "Maestri, Roberto"]
[Black "Cesati Cassin, Giorgio"]
[Result "1/2-1/2"]
[WhiteElo "1630"]
[BlackElo "1567"]
[PlyCount "110"]
[EventDate "2010.04.18"]

1. e4 c5 2. d4 cxd4 3. c3 Nf6 4. e5 Nd5 5. cxd4 d6 6. f4 Nc6 7. Nf3 dxe5 8.
fxe5 Bg4 9. Bc4 Nb6 10. Bxf7+ Kxf7 11. Ng5+ Ke8 12. Qxg4 Qxd4 13. Qxd4 Nxd4 14.
Na3 e6 15. O-O Bxa3 16. bxa3 Ne2+ 17. Kh1 Nxc1 18. Raxc1 Rc8 19. Rxc8+ Nxc8 20.
Nxe6 Rg8 21. Nc7+ Ke7 22. g3 Rf8 23. Re1 Rf2 24. Nd5+ Ke6 25. Nf4+ Kf5 26. e6
Ne7 27. Rc1 Rxa2 28. Rc7 Ra1+ 29. Kg2 Ra2+ 30. Kf1 Ra1+ 31. Ke2 Ra2+ 32. Kd1
Kf6 33. Rxb7 Rxa3 34. Rd7 g6 35. g4 g5 36. Nd5+ Nxd5 37. Rxd5 Kxe6 38. Rxg5 Kf6
39. Rh5 Kg6 40. h4 a5 41. Rg5+ Kh6 42. Rd5 Ra4 43. Rh5+ Kg6 44. Rg5+ Kh6 45.
Kc2 Ra2+ 46. Kb3 Ra1 47. Kb2 Ra4 48. Kb3 Ra1 49. Re5 Kg7 50. h5 a4+ 51. Kb2 Rg1
52. g5 Rg3 53. Ka2 Kf7 54. Rf5+ Ke6 55. Rf6+ Ke7 1/2-1/2

[Event "XXXII C.to Italiano Seniores"]
[Site "Arvier ITA"]
[Date "2010.04.26"]
[Round "8"]
[White "Pipitone, Antonio"]
[Black "Giani, Franco"]
[Result "1/2-1/2"]
[WhiteElo "2088"]
[BlackElo "1985"]
[PlyCount "138"]
[EventDate "2010.04.18"]

1. e4 c5 2. Nf3 g6 3. d4 Bg7 4. c3 cxd4 5. cxd4 d6 6. Nc3 a6 7. h3 Bd7 8. Bc4
e6 9. a4 Ne7 10. O-O Nbc6 11. d5 Na5 12. Ba2 e5 13. b4 Rc8 14. Qd3 Qc7 15. Bd2
Nc4 16. Be1 Nb6 17. b5 O-O 18. bxa6 bxa6 19. Qxa6 Ra8 20. Qd3 Nxa4 21. Nxa4
Rxa4 22. Bd2 Rfa8 23. Rac1 Qd8 24. Bb3 R4a7 25. Rfe1 Rb7 26. Bc4 Qb8 27. Bg5 f6
28. Be3 Ra4 29. Rb1 Rab4 30. Rxb4 Rxb4 31. Bd2 Rb7 32. Ra1 Nc8 33. Be3 Bb5 34.
Bxb5 Rxb5 35. Rc1 Rb7 36. Nd2 Bf8 37. Qc4 Ne7 38. f3 f5 39. Qa6 f4 40. Bf2 Rb2
41. Qd3 g5 42. Nc4 Rb3 43. Qc2 Rb5 44. Qa4 Rb1 45. Qc2 Rxc1+ 46. Qxc1 h5 47.
Nb6 Qd8 48. Qc4 Kh7 49. Qa6 Bg7 50. Qb7 Kh6 51. Be1 Kg6 52. Ba5 Qe8 53. Qc7 Ng8
54. Qxd6+ Nf6 55. Qc6 g4 56. Qxe8+ Nxe8 57. hxg4 hxg4 58. fxg4 Kg5 59. Bb4 Kxg4
60. Kf2 Nf6 61. d6 Nxe4+ 62. Kg1 Bf6 63. d7 Bd8 64. Nd5 Nf6 65. Nxf6+ Bxf6 66.
Ba5 f3 67. Bc3 fxg2 68. Bxe5 Bd8 69. Kxg2 Kf5 1/2-1/2

[Event "XXXII C.to Italiano Seniores"]
[Site "Arvier ITA"]
[Date "2010.04.26"]
[Round "8"]
[White "Renzini, Lorenzo"]
[Black "Pettarini, Renato"]
[Result "1-0"]
[WhiteElo "1746"]
[BlackElo "1775"]
[PlyCount "99"]
[EventDate "2010.04.18"]

1. c4 Nf6 2. Nc3 e5 3. g3 d5 4. cxd5 Nxd5 5. Bg2 c6 6. e3 Be6 7. Nge2 Be7 8.
O-O O-O 9. d4 Nd7 10. Bd2 f5 11. dxe5 Nxe5 12. Nd4 Nxc3 13. Bxc3 Bd5 14. Bxd5+
Qxd5 15. Qb3 Qxb3 16. Nxb3 Nc4 17. Rac1 Nb6 18. Na5 Rab8 19. Be5 Rbd8 20. Nxb7
Rd7 21. Nc5 Rd5 22. Bd4 g5 23. Ne6 Rc8 24. Nc5 f4 25. Kg2 Rf8 26. gxf4 gxf4 27.
Rg1 Kf7 28. Kh1 Bxc5 29. Rg7+ Ke6 30. Bxc5 Rf7 31. Bd4 f3 32. Rxc6+ Kd7 33.
Rxf7+ Kxc6 34. Rxf3 Rd7 35. Rg3 Rf7 36. f4 Nd5 37. Rg7 Rxg7 38. Bxg7 Nxe3 39.
Be5 Kd5 40. b3 Ke4 41. h3 Nd5 42. Kg2 Nxf4+ 43. Bxf4 Kxf4 44. Kf2 Ke5 45. Ke3
Kd5 46. h4 Ke5 47. Kf3 h5 48. Ke3 Kf5 49. Kf3 Ke5 50. a3 1-0